| 000 | 00640nam a2200217 a 4500 | ||
|---|---|---|---|
| 005 | 20210223130357.0 | ||
| 008 | 080219s2007 mx r 000 0 spa d | ||
| 020 | _a9871129688 | ||
| 035 | _aUPN01000154318 | ||
| 049 | _aCG | ||
| 050 | 4 |
_aPS2383 _bM6.3b |
|
| 100 | 1 |
_aMelville, Herman, _d1819-1891 _929256 |
|
| 245 | 1 | 0 |
_aMoby Dick / _cHerman Melville ; il. Pez. |
| 260 |
_aBuenos Aires : _bVisor, _c2007. |
||
| 300 |
_a127 p. : _bil. col. |
||
| 440 | 0 | _aClásicos para la juventud | |
| 650 | 4 |
_aPESCA DE BALLENAS - _vNOVELA _98940 |
|
| 650 | 4 |
_aBALLENAS - _vLITERATURA JUVENIL _98652 |
|
| 650 | 4 |
_aCUENTOS DE MAR _98752 |
|
| 905 | _aLibro | ||
| 999 |
_c126435 _d126435 |
||